00713cam a2200193 a 4500020002200000020002200022040000800044082002600052245003400078260004700112300002900159490003100188520019500219650001900414650001900433650002300452700002400475700002000499 a0899081908 (lib.) a0899081657 (pbk.) cDLC00a362 GRE 1992 A014 Or.00aAIDS :bopposing viewpoints / aSan Diego, CA :bGreenhaven Press,cc1992. a215 p. :bill. ;c23 cm.1 aOpposing viewpoints series aIncludes articles that present different viewpoints on such aspects of AIDS as the seriousness of the problem, moral issues, prevention, and treatment. Includes critical thinking activities. 0aAIDS (Disease) 1aAIDS (Disease) 1aCritical thinking.1 aBiskup, Michael D.,1 aSwisher, Karin,